[Event "GBR-ch"]
[Site "Scarborough"]
[Date "2001.08.09"]
[Round "10"]
[White "Knott, Simon JB"]
[Black "Simons, Martin J"]
[Result "1/2-1/2"]
[WhiteElo "2373"]
[BlackElo "2215"]
[PlyCount "91"]
[EventDate "2001.07.30"]

1. c4 d6 2. d4 e5 3. Nf3 e4 4. Nfd2 f5 5. e3 Nf6 6. Nc3 c6 7. f4 d5 8. Be2 Be7
9. O-O O-O 10. a3 a6 11. b4 b5 12. cxd5 Nxd5 13. Nxd5 Qxd5 14. Nb3 Be6 15. Rb1
Nd7 16. Bd2 Nb6 17. Na5 Qd7 18. Rc1 Rac8 19. Rc2 Kh8 20. Qc1 Bd5 21. Be1 Rc7
22. h3 g6 23. g4 Rg8 24. Bg3 Nc8 25. Rf2 Nd6 26. Rc3 Nb7 27. Nb3 Qe6 28. Bd1 h6
29. Rg2 Kh7 30. Qd2 a5 31. Nxa5 Nxa5 32. bxa5 b4 33. axb4 Bxb4 34. Qb2 Bxc3 35.
Qxc3 c5 36. dxc5 Rgc8 37. gxf5 gxf5 38. Bh4 Rg8 39. Bf6 Rxg2+ 40. Kxg2 Rc6 41.
Bd4 Qg8+ 42. Kh2 Qd8 43. Qb4 Rg6 44. Bh5 Ra6 45. Bc3 Qh4 46. Qd4 1/2-1/2

[Event "GBR-ch"]
[Site "Scarborough"]
[Date "2001.08.09"]
[Round "10"]
[White "Hanley, Craig"]
[Black "Zhao, Zong-Yuan"]
[Result "0-1"]
[WhiteElo "2278"]
[BlackElo "2359"]
[PlyCount "76"]
[EventDate "2001.07.30"]

1. c4 Nf6 2. g3 c6 3. Nf3 d5 4. b3 dxc4 5. bxc4 e5 6. Bb2 e4 7. Ne5 Bd6 8. Bg2
O-O 9. O-O Qe7 10. f4 Nbd7 11. Nxd7 Bxd7 12. Qb3 Rfe8 13. Bxf6 Qxf6 14. Nc3 Bf5
15. e3 Re7 16. g4 Bxg4 17. Nxe4 Qg6 18. Nxd6 Qxd6 19. d4 Rae8 20. Rae1 Bf5 21.
Rf3 h5 22. Bh3 Qd7 23. Bxf5 Qxf5 24. Rg3 h4 25. Rg5 Qh3 26. Re5 Rxe5 27. fxe5
Re6 28. Re2 Rg6+ 29. Kf2 Qxh2+ 30. Ke1 Rg1+ 31. Kd2 Rg2 32. Rxg2 Qxg2+ 33. Kc3
h3 34. Qxb7 h2 35. Qc8+ Kh7 36. Qf5+ Kh6 37. Qf4+ Kg6 38. e6 fxe6 0-1

[Event "GBR-ch"]
[Site "Scarborough"]
[Date "2001.08.09"]
[Round "10"]
[White "D'Costa, Lorin"]
[Black "Palliser, Richard JD"]
[Result "1/2-1/2"]
[WhiteElo "2155"]
[BlackElo "2337"]
[PlyCount "79"]
[EventDate "2001.07.30"]

1. c4 e5 2. g3 c6 3. d4 Bb4+ 4. Bd2 Bxd2+ 5. Qxd2 d6 6. Nc3 Nf6 7. dxe5 dxe5 8.
Qxd8+ Kxd8 9. Nf3 Re8 10. Bg2 Bf5 11. h3 Na6 12. Nd2 Kc7 13. a3 Rad8 14. O-O-O
Nc5 15. b4 Ne6 16. Kb2 a5 17. Nb3 axb4 18. axb4 Nd4 19. e3 Nxb3 20. Kxb3 Be6
21. b5 Nd7 22. Kb4 c5+ 23. Kb3 Nb6 24. Bd5 Bxd5 25. Nxd5+ Nxd5 26. cxd5 e4 27.
Kc4 Re5 28. Rd2 Rh5 29. Kxc5 b6+ 30. Kc4 Kd6 31. Ra1 Rc8+ 32. Kb4 Rxh3 33. Ra6
Rb8 34. Ra7 Rh1 35. Rb2 f5 36. Rxg7 Kxd5 37. Re7 Kd6 38. Rf7 Ke6 39. Rc7 Rd8
40. Rb7 1/2-1/2

[Event "GBR-ch"]
[Site "Scarborough"]
[Date "2001.08.09"]
[Round "10"]
[White "Broomfield, Matthew"]
[Black "Rudd, Jack"]
[Result "1-0"]
[WhiteElo "2271"]
[BlackElo "2193"]
[PlyCount "77"]
[EventDate "2001.07.30"]

1. Nf3 d6 2. c4 Bg4 3. e3 e5 4. Nc3 f5 5. Be2 Nf6 6. d3 Nbd7 7. h3 Bh5 8. g4
fxg4 9. Ng5 Qe7 10. hxg4 Bg6 11. e4 h6 12. Nd5 Nxd5 13. cxd5 Nb6 14. a4 c6 15.
a5 Nd7 16. a6 Nc5 17. axb7 Qxb7 18. dxc6 Qxc6 19. b4 Nd7 20. Bd2 Nb6 21. Qb3
Qd7 22. Be3 Be7 23. Qe6 Qxe6 24. Nxe6 Kf7 25. Nc7 Rab8 26. Rxa7 Nc8 27. Ra4 Bd8
28. Nd5 Ne7 29. Ra7 Ke8 30. Nxe7 Bxe7 31. Bd2 Rf8 32. Bd1 Rf6 33. g5 hxg5 34.
Ba4+ Kf7 35. Bb3+ d5 36. exd5 Rd6 37. Bxg5 Re8 38. Rh8 Ra6 39. d6# 1-0

[Event "GBR-ch"]
[Site "Scarborough"]
[Date "2001.08.09"]
[Round "10"]
[White "Berry, Neil M"]
[Black "Ghasi, Ameet K"]
[Result "1/2-1/2"]
[WhiteElo "2256"]
[BlackElo "2188"]
[PlyCount "80"]
[EventDate "2001.07.30"]

1. d4 Nf6 2. c4 g6 3. Nc3 Bg7 4. e4 d6 5. Nf3 O-O 6. Be2 Bg4 7. Be3 Nfd7 8. Rc1
a6 9. d5 Bxf3 10. Bxf3 a5 11. h4 Na6 12. h5 Nac5 13. hxg6 fxg6 14. O-O c6 15.
b3 Rb8 16. Re1 Qc7 17. Bg5 Rbe8 18. Rc2 Qb6 19. Be3 Qb4 20. Bd2 Qb6 21. Be3 Qc7
22. Bd4 Ne5 23. Bxe5 Bxe5 24. g3 Qb6 25. Kg2 Rf6 26. Bg4 Qb4 27. Nb1 Rff8 28.
f4 Bg7 29. Re3 Qb6 30. Qd2 e5 31. dxe6 Nxe6 32. Bxe6+ Rxe6 33. Nc3 Rfe8 34. Qd3
Qb4 35. Nd1 Qc5 36. Ree2 Qh5 37. Qf3 Qc5 38. Qd3 h5 39. Nf2 Qd4 40. Kf3 Qf6
1/2-1/2

[Event "GBR-ch"]
[Site "Scarborough"]
[Date "2001.08.09"]
[Round "10"]
[White "Buckley, Melanie"]
[Black "Burnett, Jim"]
[Result "1/2-1/2"]
[WhiteElo "2118"]
[BlackElo "2209"]
[PlyCount "33"]
[EventDate "2001.07.30"]

1. e4 d5 2. exd5 Qxd5 3. Nc3 Qa5 4. d4 Nf6 5. Bc4 c6 6. Nge2 Bf5 7. Bd2 Qb6 8.
Bb3 e6 9. Ng3 Bg6 10. Nce2 Bd6 11. Bf4 Qc7 12. Qd2 h6 13. O-O O-O 14. Rad1 Nbd7
15. Rfe1 Rfe8 16. Bxd6 Qxd6 17. Qf4 1/2-1/2

[Event "GBR-ch"]
[Site "Scarborough"]
[Date "2001.08.09"]
[Round "10"]
[White "Conlon, Joe"]
[Black "Eames, Robert"]
[Result "1/2-1/2"]
[WhiteElo "2191"]
[BlackElo "2333"]
[PlyCount "121"]
[EventDate "2001.07.30"]

1. e4 e5 2. Nf3 Nc6 3. Bb5 f5 4. d4 fxe4 5. Nxe5 Nxe5 6. dxe5 c6 7. Be2 Qa5+ 8.
Bd2 Qxe5 9. Bh5+ Kd8 10. O-O Nf6 11. Bc3 Qg5 12. f4 Bc5+ 13. Kh1 Qh4 14. g3 Qh3
15. Bxf6+ gxf6 16. Bg4 Qh6 17. Bf5 d6 18. Bxe4 Bh3 19. Bg2 Kc7 20. Nd2 Rae8 21.
Nb3 Bb6 22. a4 a6 23. Qd2 Re3 24. Rf3 Rhe8 25. Rxe3 Rxe3 26. a5 Ba7 27. f5 Qh5
28. Bxh3 Qxh3 29. Rd1 d5 30. Qf2 Qg4 31. Rf1 Qe4+ 32. Qg2 Qxg2+ 33. Kxg2 Re2+
34. Kf3 Rxc2 35. h4 Rxb2 36. Nc1 h5 37. g4 Rb4 38. g5 Rxh4 39. g6 Rg4 40. Nd3
c5 41. Nf2 Rg5 42. Nh3 Rxf5+ 43. Kg2 Re5 44. Rxf6 Re8 45. Nf4 Rg8 46. Nxd5+ Kd7
47. Rf7+ Ke6 48. Nf4+ Ke5 49. g7 c4 50. Nxh5 Bc5 51. Rc7 Kd6 52. Nf6 Kxc7 53.
Nxg8 c3 54. Nf6 c2 55. g8=Q c1=Q 56. Qg3+ Kc6 57. Qf3+ Kb5 58. Qxb7+ Kxa5 59.
Qc7+ Ka4 60. Qc6+ Kb3 61. Qxa6 1/2-1/2

[Event "GBR-ch"]
[Site "Scarborough"]
[Date "2001.08.09"]
[Round "10"]
[White "Blackburn, Jonathan LB"]
[Black "Stephenson, Norman"]
[Result "1-0"]
[WhiteElo "2115"]
[BlackElo "2246"]
[PlyCount "91"]
[EventDate "2001.07.30"]

1. d4 d5 2. c4 e6 3. Nc3 Nf6 4. Bg5 Be7 5. e3 O-O 6. Nf3 h6 7. Bh4 Ne4 8. Bxe7
Qxe7 9. Rc1 c6 10. Bd3 Nxc3 11. Rxc3 Nd7 12. cxd5 exd5 13. O-O Re8 14. Qb1 Nf6
15. Ne5 Nd7 16. Nf3 Nf6 17. Ne5 Nd7 18. Nxd7 Bxd7 19. b4 b5 20. Rc5 a5 21. a4
bxa4 22. bxa5 Reb8 23. Qc2 Qd8 24. Qxa4 Ra7 25. Ra1 Rba8 26. Qb4 g6 27. Qd2 Kg7
28. h3 Qg5 29. Kh2 Qd8 30. e4 dxe4 31. Bxe4 Ra6 32. g3 Qf6 33. Bg2 Be8 34. Re1
Bd7 35. Re3 Be8 36. Rf3 Qd6 37. Rd3 Kh7 38. Re3 Bd7 39. Qc3 Rf8 40. Qc4 Ra7 41.
Bxc6 Be6 42. d5 Bf5 43. Rb5 Rd8 44. Rb7 Rxb7 45. Bxb7 Rb8 46. a6 1-0

[Event "GBR-ch"]
[Site "Scarborough"]
[Date "2001.08.09"]
[Round "10"]
[White "Waters, Clive L"]
[Black "Jackson, Adrian"]
[Result "0-1"]
[WhiteElo "2147"]
[BlackElo "2230"]
[PlyCount "42"]
[EventDate "2001.07.30"]

1. b3 e5 2. Bb2 Nc6 3. e3 d6 4. Nf3 Nf6 5. d4 e4 6. d5 Nb4 7. Nd4 Nbxd5 8. Bb5+
Bd7 9. c4 Nb4 10. O-O c6 11. Bc3 Nd3 12. Ba4 Nc5 13. Nd2 a6 14. f3 b5 15. Nxe4
Ncxe4 16. fxe4 bxa4 17. Qf3 Be7 18. e5 dxe5 19. Nxc6 e4 20. Qg3 Bxc6 21. Qxg7
Rg8 0-1

[Event "GBR-ch"]
[Site "Scarborough"]
[Date "2001.08.09"]
[Round "10"]
[White "Lappage, Jonathan"]
[Black "Buckley, David E"]
[Result "1/2-1/2"]
[WhiteElo "2208"]
[BlackElo "2172"]
[PlyCount "88"]
[EventDate "2001.07.30"]

1. e4 Nf6 2. Nc3 d5 3. e5 Nfd7 4. d4 c5 5. f4 Nc6 6. Nf3 cxd4 7. Nxd4 Nxd4 8.
Qxd4 e6 9. Be3 Bc5 10. Qd2 Qb6 11. Bxc5 Nxc5 12. O-O-O Bd7 13. h4 Rc8 14. h5
Na4 15. Nxa4 Bxa4 16. Bd3 Bb5 17. Qe2 Bxd3 18. Rxd3 Qa6 19. Kb1 Qc4 20. h6 gxh6
21. f5 Qe4 22. Re3 Qxf5 23. Rf1 Qg6 24. Rf6 Qg5 25. Qb5+ Rc6 26. Qxb7 Qxe3 27.
Qxc6+ Kf8 28. Qd6+ Kg7 29. a3 Rf8 30. Ka2 Qe4 31. Rf3 Qc4+ 32. Ka1 Qh4 33. Qc5
Qh1+ 34. Ka2 Qxg2 35. Qe3 Qxc2 36. Rg3+ Kh8 37. Qxh6 Qc4+ 38. Ka1 Qf1+ 39. Ka2
Rg8 40. Rxg8+ Kxg8 41. Qg5+ Kf8 42. Qd8+ Kg7 43. Qg5+ Kh8 44. Qd8+ Kg7 1/2-1/2

[Event "GBR-ch"]
[Site "Scarborough"]
[Date "2001.08.09"]
[Round "10"]
[White "Briggs, Philip"]
[Black "Walker, Martin G"]
[Result "1/2-1/2"]
[WhiteElo "2200"]
[BlackElo "2109"]
[PlyCount "209"]
[EventDate "2001.07.30"]

1. e4 e5 2. Nf3 Nc6 3. Nc3 Nf6 4. d4 exd4 5. Nxd4 Bb4 6. Nxc6 bxc6 7. Bd3 O-O
8. O-O Re8 9. Re1 d5 10. e5 Nd7 11. Bf4 Nc5 12. Qh5 Nxd3 13. cxd3 Bxc3 14. bxc3
Qd7 15. Re3 Qg4 16. Qxg4 Bxg4 17. h3 Be6 18. Rg3 Rab8 19. Be3 a6 20. f4 Bf5 21.
Bc5 Rb2 22. a4 Reb8 23. Bb4 Rd2 24. d4 Ra8 25. Ba5 Ra7 26. Rf3 Rb7 27. g4 Be4
28. Rf2 Rxf2 29. Kxf2 h6 30. Bb4 g6 31. Ke3 Rb8 32. Rf1 Re8 33. f5 gxf5 34.
gxf5 Kh7 35. Rf4 Kg7 36. h4 Bc2 37. a5 h5 38. Rf1 Be4 39. Kf4 Bd3 40. Rg1+ Kh7
41. Rg5 Kh6 42. Bc5 Bb1 43. Ba3 Bd3 44. Bc5 Bb1 45. e6 fxe6 46. Rg6+ Kh7 47.
Rxe6 Rxe6 48. fxe6 Kg7 49. Ke5 Bd3 50. Bb6 Kf8 51. Bxc7 Ke7 52. Bd6+ Ke8 53.
Ba3 Bb5 54. Kd6 Kd8 55. Bc1 Ke8 56. Bg5 Ba4 57. Kc7 Bb5 58. Kb6 Kf8 59. Bf6 Ke8
60. Kb7 Kf8 61. Kc8 Ke8 62. Kc7 Ba4 63. Kd6 Bb5 64. Bg7 Kd8 65. Bh6 Ba4 66. Bc1
Bb5 67. Ba3 Ke8 68. Kc7 Ba4 69. Bc5 Bb5 70. Kb8 Kd8 71. Kb7 Ke8 72. Kc7 Ba4 73.
e7 Bb5 74. Bd6 Ba4 75. Kb7 Bb5 76. Kb6 Kd7 77. Ba3 Ke8 78. Bb4 Kd7 79. Bd6 Ke8
80. Kc7 Ba4 81. Ba3 Bb5 82. Kd6 Ba4 83. Kc5 Bb5 84. Kd6 Ba4 85. Ke5 Bb5 86. Kf4
Kf7 87. Kg5 Be2 88. Kf4 Ke8 89. Ke5 Kd7 90. Kf6 Ke8 91. Ke6 Bc4 92. Kd6 Bb5 93.
Kc7 Ba4 94. Kb7 Bb5 95. Kc7 Ba4 96. Bb4 Bb5 97. Kd6 Ba4 98. Kc5 Bb5 99. Kd6 Ba4
100. Ba3 Bb5 101. Bc1 Ba4 102. Bg5 Bb5 103. Kc5 Kd7 104. Bf6 Ke8 105. Kb6
1/2-1/2

[Event "GBR-ch"]
[Site "Scarborough"]
[Date "2001.08.09"]
[Round "10"]
[White "Collins, Sam"]
[Black "Rumens, David"]
[Result "1/2-1/2"]
[WhiteElo "2194"]
[BlackElo "2255"]
[PlyCount "86"]
[EventDate "2001.07.30"]

1. e4 e5 2. Nf3 Nf6 3. Nxe5 d6 4. Nf3 Nxe4 5. d4 d5 6. Bd3 Bd6 7. O-O O-O 8. c4
c6 9. Nc3 Nxc3 10. bxc3 dxc4 11. Bxc4 Bf5 12. Bg5 Qc7 13. Re1 Bg6 14. Ne5 b5
15. Bb3 Nd7 16. Nxg6 hxg6 17. Qg4 Nb6 18. Re3 Nd5 19. Rh3 Rae8 20. Qh4 f5 21.
f4 Kf7 22. Qf2 Re4 23. a4 bxa4 24. Rxa4 Rfe8 25. Ra1 Bxf4 26. Bxf4 Qxf4 27.
Qxf4 Rxf4 28. Rxa7+ Kf6 29. Ra1 Re2 30. Rf3 Rxf3 31. gxf3 Nxc3 32. Ra6 Kg5 33.
Rxc6 Re3 34. Kf2 Kf4 35. Rxg6 Rxf3+ 36. Kg2 Ne4 37. Bd5 Rf2+ 38. Kg1 Rd2 39.
Bxe4 fxe4 40. Kf1 e3 41. Rxg7 Rxh2 42. d5 Ke4 43. Ra7 Kxd5 1/2-1/2

[Event "GBR-ch"]
[Site "Scarborough"]
[Date "2001.08.09"]
[Round "10"]
[White "Player, Edmund"]
[Black "Hunt, Adam"]
[Result "1/2-1/2"]
[WhiteElo "2115"]
[BlackElo "2408"]
[PlyCount "83"]
[EventDate "2001.07.30"]

1. e4 c5 2. Nc3 Nc6 3. g3 g6 4. Bg2 Bg7 5. d3 d6 6. Be3 e6 7. Nge2 Nd4 8. O-O
Ne7 9. Qd2 Qa5 10. Rfb1 Nec6 11. a3 Qd8 12. Rf1 O-O 13. Nc1 Qa5 14. Rd1 f5 15.
Rb1 Qb6 16. N3e2 Ne5 17. Nxd4 cxd4 18. Bf4 fxe4 19. dxe4 Nc4 20. Qe2 Qc7 21.
Nd3 a5 22. Bc1 e5 23. b3 Nb6 24. a4 Be6 25. Rb2 Nd7 26. Bd2 Rf7 27. Rc1 b6 28.
c3 dxc3 29. Rxc3 Nc5 30. b4 axb4 31. Rxb4 Qd7 32. Ra3 Qa7 33. Be3 Qa5 34. Qb2
Bd7 35. Rxb6 Nxd3 36. Rxd3 Qe1+ 37. Bf1 Rxa4 38. Qb1 Qxb1 39. Rxb1 Bf8 40. Rb8
Ra1 41. Kg2 Kg7 42. Rc3 1/2-1/2

[Event "GBR-ch"]
[Site "Scarborough"]
[Date "2001.08.09"]
[Round "10"]
[White "Waddington, Michael"]
[Black "Steadman, Michael"]
[Result "0-1"]
[WhiteElo "2353"]
[BlackElo "2090"]
[PlyCount "62"]
[EventDate "2001.07.30"]

1. Nc3 c5 2. e4 Nc6 3. f4 e6 4. Nf3 Nge7 5. d3 d5 6. e5 Nf5 7. Be2 b5 8. a3 Qb6
9. O-O h5 10. h3 Be7 11. Kh2 Bb7 12. Qe1 Ncd4 13. Bd1 a5 14. Nxd4 Nxd4 15. Ne2
Nf5 16. Qf2 d4 17. g3 Qc6 18. Bd2 Nh6 19. Nc1 Ng4+ 20. Bxg4 hxg4 21. h4 O-O-O
22. Rg1 a4 23. Be1 g5 24. fxg5 Bxg5 25. Bd2 Bxd2 26. Qxd2 Qf3 27. Qg2 Qe3 28.
Qf1 Qxe5 29. Rg2 Rxh4+ 30. Kg1 Qe3+ 31. Qf2 Rh1+ 0-1

[Event "GBR-ch"]
[Site "Scarborough"]
[Date "2001.08.09"]
[Round "10"]
[White "Oswald, Graeme"]
[Black "Trent, Lawrence"]
[Result "1/2-1/2"]
[WhiteElo "2195"]
[BlackElo "2249"]
[PlyCount "132"]
[EventDate "2001.07.30"]

1. g3 Nf6 2. Bg2 d5 3. d3 e6 4. Nf3 Be7 5. Nc3 O-O 6. Bg5 Nbd7 7. e4 h6 8. Bf4
Bb4 9. e5 Ne8 10. h4 c5 11. O-O a6 12. Qe2 Ba5 13. Nd1 Bc7 14. Bh3 Nb8 15. Ne3
f6 16. exf6 Bxf4 17. fxg7 Nxg7 18. gxf4 Rxf4 19. Ng2 Rf6 20. Ne5 Nc6 21. Ng4
Rf8 22. Qe3 h5 23. Ne5 Nd4 24. c3 Ndf5 25. Bxf5 Rxf5 26. d4 cxd4 27. cxd4 Bd7
28. f4 Be8 29. Rf3 Rc8 30. Rg3 Qb6 31. b3 Kh7 32. Kh1 Rf6 33. Rxg7+ Kxg7 34.
Rg1 Qb4 35. Ne1+ Kh7 36. N1d3 Qf8 37. Rg5 Rf5 38. Nf3 Qf6 39. Qd2 Kh8 40. Qb4
Rc7 41. Qb6 Rxg5 42. hxg5 Qd8 43. Qxe6 Qe7 44. Qxe7 Rxe7 45. Nde5 Rc7 46. f5
Rc2 47. f6 Kg8 48. Kg1 Rxa2 49. Nh4 Ra1+ 50. Kg2 Ra2+ 51. Kg3 Rb2 52. g6 Rxb3+
53. Kf4 Rb1 54. f7+ Bxf7 55. gxf7+ Kg7 56. Nf5+ Kf8 57. Kg5 a5 58. Nd6 Rf1 59.
Ng6+ Kg7 60. f8=Q+ Rxf8 61. Nxf8 Kxf8 62. Nxb7 a4 63. Kxh5 a3 64. Nc5 Ke7 65.
Kg5 Kd6 66. Kf6 Kc6 1/2-1/2

[Event "GBR-ch"]
[Site "Scarborough"]
[Date "2001.08.09"]
[Round "10"]
[White "Lyell, Mark"]
[Black "Anderson, John"]
[Result "1-0"]
[WhiteElo "2219"]
[BlackElo "2161"]
[PlyCount "83"]
[EventDate "2001.07.30"]

1. e4 e6 2. d4 d5 3. e5 c5 4. c3 Nc6 5. Nf3 Qb6 6. a3 Nh6 7. Bd3 cxd4 8. cxd4
Bd7 9. Bc2 Nf5 10. Bxf5 exf5 11. Nc3 Be6 12. O-O Be7 13. h4 O-O 14. Na4 Qd8 15.
Bg5 h6 16. Bxe7 Qxe7 17. Qd2 Rac8 18. Rac1 Nb8 19. Rxc8 Rxc8 20. Rc1 Qe8 21.
Nc5 b6 22. Nd3 Rxc1+ 23. Qxc1 Qc6 24. Qxc6 Nxc6 25. b4 a6 26. Kh2 g5 27. hxg5
hxg5 28. Nxg5 Nxd4 29. Kg3 Kf8 30. Nf3 Ne2+ 31. Kh4 Ke7 32. Kg5 Bd7 33. Nf4 Nc3
34. Nd4 Ne4+ 35. Kh6 Be6 36. f3 Nd2 37. Kg5 Nc4 38. Nxf5+ Kd7 39. Nd4 Nxa3 40.
Kf6 a5 41. bxa5 bxa5 42. g4 1-0

[Event "GBR-ch"]
[Site "Scarborough"]
[Date "2001.08.09"]
[Round "10"]
[White "Rutherford, Elaine"]
[Black "Ledger, Stephen"]
[Result "1-0"]
[WhiteElo "2117"]
[BlackElo "2196"]
[PlyCount "65"]
[EventDate "2001.07.30"]

1. e4 c5 2. Nc3 Nc6 3. f4 g6 4. Nf3 Bg7 5. Bc4 e6 6. f5 gxf5 7. d3 Nge7 8. Bg5
Qa5 9. Bd2 Qc7 10. Qc1 a6 11. a4 Ne5 12. O-O Nxc4 13. dxc4 d6 14. Nh4 Ng6 15.
Qe1 fxe4 16. Nxe4 Bd7 17. Nf6+ Kd8 18. Ba5 b6 19. Nxd7 Qxd7 20. Bxb6+ Kc8 21.
Nxg6 hxg6 22. c3 Be5 23. h3 Qc6 24. a5 f6 25. Rd1 Kb7 26. b4 Rh5 27. Qe2 Bxc3
28. b5 axb5 29. cxb5 Qd7 30. Qf3+ d5 31. Qxc3 d4 32. Qf3+ Qd5 33. Qxf6 1-0

[Event "GBR-ch"]
[Site "Scarborough"]
[Date "2001.08.09"]
[Round "10"]
[White "Willmoth, Robert"]
[Black "Frost, Nicholas"]
[Result "1-0"]
[WhiteElo "2239"]
[BlackElo "2141"]
[PlyCount "167"]
[EventDate "2001.07.30"]

1. e4 e6 2. d3 c5 3. g3 Nc6 4. Bg2 Nge7 5. Be3 g6 6. Qd2 Bg7 7. Nc3 b6 8. Bh6
Bxh6 9. Qxh6 d5 10. Qg7 Rf8 11. Qxh7 d4 12. Nb5 a6 13. Na3 e5 14. Nf3 Be6 15.
Ng5 Qd7 16. Nxe6 Qxe6 17. Qh6 b5 18. O-O O-O-O 19. Bh3 f5 20. exf5 Nxf5 21. Qg5
Rh8 22. Bg4 Kc7 23. Nb1 Rh7 24. Nd2 Rdh8 25. h4 Nd8 26. Ne4 Nf7 27. Qf6 Qxf6
28. Nxf6 Rh6 29. Ne4 Kb6 30. a4 Ne7 31. Bf3 g5 32. hxg5 Rh2 33. axb5 axb5 34.
Ra8 Rxa8 35. Kxh2 Rg8 36. Nf6 Rh8+ 37. Kg2 c4 38. Ra1 Nxg5 39. Nd7+ Kc7 40.
Nxe5 Kd6 41. Re1 Nxf3 42. Kxf3 Rf8+ 43. Kg2 c3 44. bxc3 dxc3 45. f4 Nd5 46. Kf3
Ra8 47. Rb1 b4 48. Nc4+ Kc5 49. Ne3 Nc7 50. d4+ Kb5 51. d5 Kc5 52. d6 Nb5 53.
d7 Rd8 54. Rd1 b3 55. cxb3 Nd4+ 56. Ke4 Nxb3 57. Rd3 Kc6 58. Ke5 Nc5 59. Rxc3
Rxd7 60. g4 Re7+ 61. Kf6 Re6+ 62. Kf7 Re4 63. f5 Kd6 64. g5 Re7+ 65. Kg6 Nd7
66. f6 Nf8+ 67. Kh5 Rh7+ 68. Kg4 Ke6 69. Ng2 Ra7 70. Nf4+ Kf7 71. Rc5 Ng6 72.
Nxg6 Kxg6 73. Rc8 Ra4+ 74. Kg3 Ra7 75. Kf4 Kf7 76. Kf5 Ra5+ 77. Kg4 Kg6 78.
Rg8+ Kh7 79. Rg7+ Kh8 80. Kh5 Ra6 81. Rb7 Kg8 82. Kg6 Ra8 83. Rg7+ Kf8 84. Rh7
1-0

[Event "GBR-ch"]
[Site "Scarborough"]
[Date "2001.08.09"]
[Round "10"]
[White "McDonnell, James J"]
[Black "Kennedy, John"]
[Result "1-0"]
[WhiteElo "2047"]
[BlackElo "2042"]
[PlyCount "69"]
[EventDate "2001.07.30"]

1. e4 c5 2. Nf3 d6 3. d4 cxd4 4. Nxd4 Nf6 5. Nc3 a6 6. Be3 Ng4 7. Bg5 h6 8. Bh4
g5 9. Bg3 Bg7 10. Be2 h5 11. Bxg4 hxg4 12. Qd2 Nc6 13. Nce2 Qb6 14. c3 Ne5 15.
b3 a5 16. a4 Bd7 17. Rd1 Rc8 18. O-O Rh5 19. Rfe1 e6 20. c4 Ke7 21. Nc3 Qc5 22.
Ncb5 Bxb5 23. Nxb5 Rd8 24. Qxa5 Rd7 25. Qd2 Rd8 26. Qa5 b6 27. Qd2 Rd7 28. Qe2
f5 29. exf5 exf5 30. Rd5 Qc8 31. Bxe5 Bxe5 32. Rxe5+ dxe5 33. Qxe5+ Kf8 34.
Qf6+ Rf7 35. Qxf7+ 1-0

[Event "GBR-ch"]
[Site "Scarborough"]
[Date "2001.08.10"]
[Round "11"]
[White "Hodgson, Julian M"]
[Black "Wells, Peter"]
[Result "1/2-1/2"]
[WhiteElo "2581"]
[BlackElo "2510"]
[PlyCount "85"]
[EventDate "2001.07.30"]

1. d4 d5 2. Bg5 h6 3. Bh4 c5 4. dxc5 Nc6 5. c3 g5 6. Bg3 Nf6 7. Nd2 d4 8. cxd4
Qxd4 9. Qc1 Nd7 10. Ngf3 Qxc5 11. Qxc5 Nxc5 12. Rc1 Nd7 13. e3 Bg7 14. Bb5 O-O
15. Bxc6 bxc6 16. b3 Ba6 17. h4 g4 18. Nd4 Bxd4 19. exd4 Rac8 20. b4 f5 21. Bf4
Rfe8 22. Nc4 Bxc4 23. Rxc4 e5 24. Bxh6 exd4+ 25. Kd1 c5 26. Bg5 a5 27. bxc5
Nxc5 28. f3 gxf3 29. gxf3 Nd3 30. Rxc8 Rxc8 31. Ke2 Ne5 32. f4 d3+ 33. Ke3 Ng4+
34. Kf3 Rc2 35. Rd1 Rf2+ 36. Kg3 d2 37. Bd8 Re2 38. Bxa5 Re3+ 39. Kg2 Ra3 40.
Bxd2 Rxa2 41. Kf3 Ra3+ 42. Ke2 Rh3 43. Be1 1/2-1/2

[Event "GBR-ch"]
[Site "Scarborough"]
[Date "2001.08.10"]
[Round "11"]
[White "Emms, John M"]
[Black "Lalic, Bogdan"]
[Result "1/2-1/2"]
[WhiteElo "2532"]
[BlackElo "2528"]
[PlyCount "80"]
[EventDate "2001.07.30"]

1. e4 c6 2. d4 d5 3. exd5 cxd5 4. c4 Nf6 5. Nc3 e6 6. Nf3 Bb4 7. Bd3 dxc4 8.
Bxc4 O-O 9. O-O b6 10. Bg5 Bb7 11. Ne5 Bxc3 12. bxc3 Qc7 13. Bb3 Nc6 14. Bxf6
gxf6 15. Ng4 f5 16. Nf6+ Kg7 17. Nh5+ Kh8 18. d5 Rad8 19. c4 e5 20. Qd2 Nd4 21.
f4 f6 22. Rae1 b5 23. fxe5 fxe5 24. Qg5 bxc4 25. Bxc4 Bxd5 26. Bxd5 Rxd5 27.
Re3 Rc5 28. Qh6 Rf7 29. Ree1 Qb6 30. Qg5 h6 31. Qg3 f4 32. Qh4 f3 33. Rf2 Rc2
34. Kh1 Nf5 35. Qa4 fxg2+ 36. Rxg2 Rxg2 37. Kxg2 Qb2+ 38. Kh1 Nd6 39. Qa5 Kh7
40. Qd5 Qf2 1/2-1/2

[Event "GBR-ch"]
[Site "Scarborough"]
[Date "2001.08.10"]
[Round "11"]
[White "Hebden, Mark"]
[Black "Summerscale, Aaron"]
[Result "1/2-1/2"]
[WhiteElo "2550"]
[BlackElo "2510"]
[PlyCount "93"]
[EventDate "2001.07.30"]

1. e4 c5 2. Nc3 Nc6 3. Nf3 g6 4. d4 cxd4 5. Nxd4 Bg7 6. Be3 d6 7. Bc4 Nf6 8. h3
O-O 9. Bb3 Bd7 10. O-O a6 11. Re1 b5 12. Nd5 Re8 13. c3 Rc8 14. Nxc6 Bxc6 15.
Bb6 Qd7 16. Bd4 Qb7 17. Qf3 Bxd5 18. exd5 Nd7 19. Rad1 Ne5 20. Qf4 Nc4 21. Bxg7
Kxg7 22. Rd4 Rc5 23. Re2 Rec8 24. h4 Rxd5 25. Rxd5 Qxd5 26. Rxe7 h5 27. Kh2 Rc5
28. f3 Qf5 29. Qxf5 Rxf5 30. Bxc4 bxc4 31. Rc7 Rb5 32. Rxc4 Rxb2 33. Ra4 Rc2
34. Rxa6 Rxc3 35. Rxd6 Ra3 36. Rd2 Kf6 37. Kg3 Kf5 38. Kf2 Ra4 39. g3 Ra3 40.
Re2 Kf6 41. Kf1 Kf5 42. Kg2 Ra7 43. Kh3 Ra3 44. Rf2 Rc3 45. Rf1 Ra3 46. Ra1 f6
47. f4 1/2-1/2

[Event "GBR-ch"]
[Site "Scarborough"]
[Date "2001.08.10"]
[Round "11"]
[White "Gormally, Daniel"]
[Black "Chandler, Murray"]
[Result "1-0"]
[WhiteElo "2481"]
[BlackElo "2540"]
[PlyCount "87"]
[EventDate "2001.07.30"]

1. e4 c5 2. Nf3 d6 3. d4 cxd4 4. Nxd4 Nf6 5. Nc3 Nc6 6. Bc4 Qb6 7. Nb3 e6 8.
Bf4 Ne5 9. Be2 a6 10. Bg3 h5 11. f3 Bd7 12. Bf2 Qc7 13. Qd4 Be7 14. O-O-O Rc8
15. Qb6 Qxb6 16. Bxb6 Rc6 17. Bd4 Bd8 18. f4 Ng6 19. g3 e5 20. Be3 Bg4 21. Rhe1
O-O 22. f5 Ne7 23. Bg5 Bxe2 24. Rxe2 Nc8 25. Bxf6 Bxf6 26. Na5 Rc7 27. Nd5 Bg5+
28. Kb1 Rd7 29. Nc4 Bd8 30. a4 b5 31. axb5 axb5 32. Nce3 Na7 33. g4 hxg4 34. f6
g6 35. Nxg4 Kh7 36. Rd3 Rh8 37. Rh3+ Kg8 38. Nh6+ Kf8 39. Ree3 Nc6 40. Rc3 Nd4
41. Nf5 Rg8 42. Nxd4 exd4 43. Rc8 g5 44. Ra3 1-0

[Event "GBR-ch"]
[Site "Scarborough"]
[Date "2001.08.10"]
[Round "11"]
[White "Turner, Matthew J"]
[Black "Kelly, Brian"]
[Result "1-0"]
[WhiteElo "2511"]
[BlackElo "2458"]
[PlyCount "87"]
[EventDate "2001.07.30"]

1. e4 e6 2. d3 c5 3. Nf3 Nc6 4. g3 g6 5. Bg5 Qc7 6. c3 Bg7 7. Na3 a6 8. Bg2
Nge7 9. Qd2 h6 10. Be3 d6 11. O-O Bd7 12. Rac1 Rc8 13. Rfe1 Qb8 14. d4 cxd4 15.
cxd4 d5 16. Bf4 Qa7 17. exd5 Nxd5 18. Nc4 O-O 19. Bxh6 Nxd4 20. Bxg7 Nxf3+ 21.
Bxf3 Kxg7 22. Bxd5 exd5 23. Qxd5 Be6 24. Qe5+ Kg8 25. Nd6 Rxc1 26. Rxc1 Rd8 27.
h4 Qb6 28. Ne4 Qd4 29. Qg5 Rc8 30. Rxc8+ Bxc8 31. Nc3 Kf8 32. Qd5 Qb6 33. Na4
Qa7 34. Qc5+ Qxc5 35. Nxc5 Ke7 36. Kg2 Kd6 37. Ne4+ Ke5 38. Kf3 Kd4 39. Kf4 Be6
40. a3 a5 41. Nf6 Kc4 42. g4 Bxg4 43. Nxg4 Kb3 44. Ne5 1-0